Hogyan használhatjuk fel az új Mértan Tanterv-et a gondolkodás fejlesztésére?

Elmentve itt :
Bibliográfiai részletek
Szerző: Kelemen Jánosné
Dokumentumtípus: Cikk
Megjelent: 1966
Sorozat:Módszertani közlemények 6 No. 5
Kulcsszavak:Neveléstudomány
Online Access:http://acta.bibl.u-szeged.hu/25883
LEADER 00656nab a2200181 i 4500
001 acta25883
005 20210225100345.0
008 161017s1966 hu o 0|| hun d
022 |a 0544-7224 
040 |a SZTE Egyetemi Kiadványok Repozitórium  |b hun 
041 |a hun 
100 1 |a Kelemen Jánosné 
245 1 0 |a Hogyan használhatjuk fel az új Mértan Tanterv-et a gondolkodás fejlesztésére?  |h [elektronikus dokumentum] /  |c  Kelemen Jánosné 
260 |c 1966 
300 |a 17-21 
490 0 |a Módszertani közlemények  |v 6 No. 5 
695 |a Neveléstudomány 
856 4 0 |u http://acta.bibl.u-szeged.hu/25883/1/modszertani_006_005_017-021.pdf  |z Dokumentum-elérés